[Event "Lisbon Check Mate op 5th"]
[Site "Lisbon"]
[Date "2017.08.29"]
[Round "5"]
[White "Martins, Andre"]
[Black "Quinta, Daniel"]
[Result "1/2-1/2"]
[WhiteElo "1567"]
[BlackElo "2054"]
[PlyCount "130"]
[EventDate "2017.08.26"]
[EventType "swiss"]
[EventRounds "7"]
[EventCountry "POR"]
[SourceTitle "CBM 180 Extra"]
[Source "ChessBase"]
[SourceDate "2017.10.06"]
[SourceVersion "1"]
[SourceVersionDate "2017.10.06"]
[SourceQuality "1"]

1. Nf3 c5 2. g3 Nc6 3. Bg2 e5 4. d3 d5 5. 0-0 Be7 6. Nbd2 Nf6 7. e4 d4 8. Nc4 Qc7 9. a4 0-0 10. h3 Be6 11. b3 a6 12. a5 Bxc4 13. bxc4 Nd7 14. Bd2 f5 15. exf5 Rxf5 16. g4 Rff8 17. Bg5 Nf6 18. Qe1 Rae8 19. Bh4 Bd8 20. Ng5 Nb4 21. Qe2 Qd7 22. Bg3 Nc6 23. Ne4 Nxe4 24. Bxe4 Nxa5 25. Bxe5 Nc6 26. Bg3 Nb4 27. Qd2 Kh8 28. f4 b6 29. Rae1 a5 30. Bf5 Qf7 31. Rxe8 Rxe8 32. Be4 a4 33. c3 dxc3 34. Qxc3 Bf6 35. Qa3 Bd4+ 36. Kh2 Qd7 37. f5 Nc2 38. Qc1 Nb4 39. g5 Rf8 40. f6 gxf6 41. gxf6 Rxf6 42. Rxf6 Bxf6 43. Qf4 Qe7 44. Qb8+ Kg7 45. Bd6 Qf7 46. Qxb6 a3 47. Qxc5 a2 48. Be5 a1Q 49. Bxa1 Bxa1 50. Qg1+ Kh6 51. Qxa1 Qf4+ 52. Kh1 Nc2 53. Qa6+ Kg5 54. Qa7 Ne3 55. Qg7+ Kh4 56. Qxh7+ Kg3 57. Qg6+ Kxh3 58. Qh5+ Kg3 59. Qh2+ Kg4 60. Qxf4+ Kxf4 61. c5 Ke5 62. c6 Kd6 63. Kg1 Ng4 64. Kg2 Ne5 65. Kg3 Nxd3 1/2-1/2

[Event "Famalicao op 5th"]
[Site "Famalicao"]
[Date "2017.08.01"]
[Round "5"]
[White "Quinta, Daniel"]
[Black "Monteiro, Paulo Alexandre G"]
[Result "1-0"]
[WhiteElo "2054"]
[BlackElo "1494"]
[PlyCount "67"]
[EventDate "2017.07.29"]
[EventType "swiss"]
[EventRounds "9"]
[EventCountry "POR"]
[SourceTitle "EXT 2018"]
[Source "ChessBase"]
[SourceDate "2017.10.13"]
[SourceVersion "1"]
[SourceVersionDate "2017.10.13"]
[SourceQuality "1"]

1. c4 Nf6 2. Nc3 g6 3. Nf3 Bg7 4. d4 d5 5. cxd5 Nxd5 6. e4 Nxc3 7. bxc3 c5 8. Bb5+ Bd7 9. Bxd7+ Qxd7 10. 0-0 0-0 11. Be3 Nc6 12. Qd2 cxd4 13. cxd4 Rad8 14. Rad1 Qg4 15. Qc2 f5 16. h3 Qh5 17. Qc4+ Kh8 18. e5 f4 19. Bc1 Qf5 20. Rfe1 h6 21. Bb2 g5 22. d5 Na5 23. Qb5 b6 24. Nd4 Qg6 25. Ne6 f3 26. g3 Qf5 27. g4 Qg6 28. Nxd8 h5 29. Ne6 hxg4 30. Nxf8 Qh5 31. Qf1 gxh3 32. Kh2 g4 33. Re4 Qf5 34. Rxg4 1-0

[Event "POR-chT 52nd"]
[Site "Vila Nova de Gaia"]
[Date "2010.07.27"]
[Round "4.2"]
[White "Rubio Mejia, Luis Ignacio"]
[Black "Quinta, Daniel"]
[Result "1-0"]
[WhiteElo "2354"]
[BlackElo "2107"]
[PlyCount "65"]
[EventDate "2010.07.24"]
[EventType "team-tourn"]
[EventRounds "9"]
[EventCountry "POR"]
[SourceTitle "EXT 2011"]
[Source "ChessBase"]
[SourceDate "2010.11.26"]
[SourceVersion "1"]
[SourceVersionDate "2010.11.26"]
[SourceQuality "1"]
[WhiteTeam "Coimbra"]
[BlackTeam "Dias Ferreira"]
[WhiteTeamCountry "POR"]
[BlackTeamCountry "POR"]

1. d4 d5 2. c4 dxc4 3. Nf3 Nf6 4. e3 e6 5. Bxc4 Be7 6. 0-0 0-0 7. Nc3 c5 8. Qe2 a6 9. a4 Nc6 10. Rd1 Qc7 11. b3 b6 12. Bb2 Bb7 13. d5 exd5 14. Nxd5 Nxd5 15. Bxd5 Rad8 16. e4 Nb4 17. Bc4 Qf4 18. Rxd8 Bxd8 19. Re1 Bc7 20. Bc1 Qf6 21. e5 Qc6 22. Bf4 Nd5 23. Bg3 Nc3 24. Qd3 Ne4 25. Bxa6 Ba8 26. Bb5 Qb7 27. Bc4 Rd8 28. Qe3 Nd2 29. e6 Nxf3+ 30. Qxf3 Qxf3 31. gxf3 Bxg3 32. e7 Bxf2+ 33. Kxf2 1-0

[Event "POR-ch sf"]
[Site "Amadora"]
[Date "2009.09.07"]
[Round "4"]
[White "Quinta, Daniel"]
[Black "Guerra, Vitor Manuel Vestia"]
[Result "1-0"]
[WhiteElo "2083"]
[BlackElo "2205"]
[PlyCount "51"]
[EventDate "2009.09.05"]
[EventType "swiss"]
[EventRounds "9"]
[EventCountry "POR"]
[SourceTitle "EXT 2015"]
[Source "ChessBase"]
[SourceDate "2014.11.20"]
[SourceVersion "1"]
[SourceVersionDate "2014.11.20"]
[SourceQuality "1"]

1. e4 c5 2. c3 Nf6 3. e5 Nd5 4. d4 cxd4 5. cxd4 e6 6. Nf3 Nc6 7. Bc4 d6 8. 0-0 Be7 9. Re1 0-0 10. Bb3 dxe5 11. dxe5 Ndb4 12. Qe2 Na5 13. Ba4 b6 14. Rd1 Qc7 15. Nc3 Ba6 16. Nb5 Rad8 17. Rxd8 Rxd8 18. Bg5 Bxb5 19. Bxb5 Bxg5 20. Nxg5 a6 21. Qe4 axb5 22. Qxh7+ Kf8 23. Qh8+ Ke7 24. Qxg7 Re8 25. Qxf7+ Kd8 26. Rd1+ 1-0

[Event "Porto district-ch U20"]
[Site "Porto"]
[Date "2004.02.22"]
[Round "2"]
[White "Carvalho, Gisela"]
[Black "Quinta, Daniel"]
[Result "0-1"]
[WhiteElo "1001"]
[BlackElo "1946"]
[PlyCount "38"]
[EventDate "2004.02.??"]
[EventType "tourn"]
[EventRounds "5"]
[EventCountry "POR"]
[SourceTitle "EXT 2005"]
[Source "ChessBase"]
[SourceDate "2004.11.15"]
[SourceVersion "1"]
[SourceVersionDate "2004.11.15"]
[SourceQuality "1"]

1. e4 c5 2. Nf3 Nc6 3. Nc3 d6 4. Bb5 Bd7 5. d3 Nd4 6. Ng5 Nxb5 7. Nd5 e6 8. Nf4 Qxg5 9. Ne2 Qxg2 10. Kd2 Be7 11. a4 Bg5+ 12. f4 Bxf4+ 13. Ke1 Qxh1+ 14. Kf2 Qxd1 15. axb5 Bxc1 16. Nxc1 Qxc2+ 17. Kg1 e5 18. Nb3 Bh3 19. d4 Qg2# 0-1

[Event "Matosinhos"]
[Site "Matosinhos"]
[Date "2003.12.28"]
[Round "6"]
[White "Quinta, Daniel"]
[Black "Barbosa, Fabio Emanuel Olive"]
[Result "1/2-1/2"]
[WhiteElo "1801"]
[BlackElo "1922"]
[PlyCount "141"]
[EventDate "2003.12.22"]
[EventType "tourn"]
[EventRounds "9"]
[EventCountry "POR"]
[SourceTitle "EXT 2005"]
[Source "ChessBase"]
[SourceDate "2004.11.15"]
[SourceVersion "1"]
[SourceVersionDate "2004.11.15"]
[SourceQuality "1"]

1. e4 c5 2. c3 d5 3. exd5 Qxd5 4. d4 Nf6 5. Nf3 e6 6. Be2 Nc6 7. 0-0 Be7 8. Na3 0-0 9. h3 Rd8 10. Be3 cxd4 11. cxd4 b6 12. Bc4 Qd7 13. Qe2 a6 14. Rfd1 Qe8 15. Ne5 Bb7 16. Bb3 b5 17. Rac1 Rac8 18. Bc2 Rd5 19. f4 Rcd8 20. Nxc6 Bxc6 21. Bf2 Ba8 22. Nb1 Qd7 23. Nd2 Qb7 24. Nf3 g6 25. Bh4 Nh5 26. Be4 Bxh4 27. Nxh4 Ng3 28. Qf3 Nxe4 29. Qxe4 Qa7 30. Qe3 Rh5 31. Qf2 Qe7 32. Nf3 Bxf3 33. Qxf3 Qb4 34. Qc3 Qd6 35. Rd3 Rd5 36. Qc7 Qxc7 37. Rxc7 Rxd4 38. Rxd4 Rxd4 39. Rc6 a5 40. Rc5 Rb4 41. b3 a4 42. bxa4 bxa4 43. g3 Rb2 44. a3 Rb3 45. Kf2 Rxa3 46. Ra5 Kf8 47. Ra7 Ra1 48. Kf3 a3 49. Kg2 Kg7 50. h4 h5 51. Kf2 Kf6 52. Kg2 a2 53. Kh2 e5 54. fxe5+ Kxe5 55. Ra4 Kd5 56. Kg2 Kc5 57. Kh2 f6 58. Kg2 g5 59. hxg5 fxg5 60. Kh2 Kb5 61. Ra8 Kc4 62. Kg2 Kd3 63. Rd8+ Ke4 64. Re8+ Kf5 65. Ra8 g4 66. Rf8+ Ke6 67. Re8+ Kf7 68. Ra8 h4 69. gxh4 Kg6 70. Ra5 Kh6 71. Ra8 1/2-1/2

[Event "Matosinhos"]
[Site "Matosinhos"]
[Date "2003.12.23"]
[Round "4"]
[White "Quinta, Daniel"]
[Black "Silva, Ivo Manuel Abreu E"]
[Result "0-1"]
[WhiteElo "1801"]
[BlackElo "1801"]
[PlyCount "26"]
[EventDate "2003.12.22"]
[EventType "tourn"]
[EventRounds "9"]
[EventCountry "POR"]
[SourceTitle "EXT 2005"]
[Source "ChessBase"]
[SourceDate "2004.11.15"]
[SourceVersion "1"]
[SourceVersionDate "2004.11.15"]
[SourceQuality "1"]

1. e4 e5 2. Nf3 Nc6 3. Bc4 Nf6 4. Ng5 Bc5 5. Bxf7+ Ke7 6. Bb3 d5 7. 0-0 h6 8. Nh3 Bg4 9. Qe1 Rf8 10. exd5 Nxd5 11. Qe4 Bxh3 12. Bxd5 Rf4 13. Qd3 Bf5 0-1

[Event "Matosinhos"]
[Site "Matosinhos"]
[Date "2003.12.22"]
[Round "1"]
[White "Quinta, Daniel"]
[Black "Silva, Paulo Rui Lopes"]
[Result "1-0"]
[WhiteElo "1801"]
[BlackElo "1801"]
[PlyCount "61"]
[EventDate "2003.12.22"]
[EventType "tourn"]
[EventRounds "9"]
[EventCountry "POR"]
[SourceTitle "EXT 2005"]
[Source "ChessBase"]
[SourceDate "2004.11.15"]
[SourceVersion "1"]
[SourceVersionDate "2004.11.15"]
[SourceQuality "1"]

1. e4 e5 2. Nf3 Nc6 3. Bc4 Bc5 4. c3 Nf6 5. d3 h6 6. b4 Bb6 7. b5 Na5 8. Nxe5 Nxc4 9. Nxc4 d5 10. Nxb6 axb6 11. e5 Nd7 12. 0-0 0-0 13. d4 c5 14. Re1 c4 15. Qf3 Nb8 16. Ba3 Re8 17. Bb4 Be6 18. Nd2 Qg5 19. Nf1 Nd7 20. Ne3 f6 21. Nxd5 fxe5 22. Nc7 Qd8 23. Nxa8 Qxa8 24. dxe5 Nf8 25. Bxf8 Rxf8 26. Qe3 Qa5 27. a4 Rd8 28. h3 Rd3 29. Qe4 Bd5 30. Qf5 Rxc3 31. e6 1-0

[Event "Porto-ch U18"]
[Site "Porto"]
[Date "2002.01.19"]
[Round "4.1"]
[White "Figueiredo, Pedro Jose"]
[Black "Quinta, Daniel"]
[Result "0-1"]
[WhiteElo "1567"]
[BlackElo "2033"]
[PlyCount "106"]
[EventDate "2002.02.??"]
[EventType "swiss"]
[EventRounds "7"]
[EventCountry "POR"]
[SourceTitle "EXT 2003"]
[Source "ChessBase"]
[SourceDate "2002.11.25"]
[SourceVersion "1"]
[SourceVersionDate "2002.11.25"]
[SourceQuality "1"]

1. Nf3 g6 2. e4 Bg7 3. d4 d6 4. Be3 Nf6 5. Nc3 Nbd7 6. Qd2 0-0 7. h4 Ng4 8. Bc4 Nxe3 9. Qxe3 e5 10. 0-0-0 Nb6 11. Bb3 Qe7 12. h5 Bg4 13. dxe5 dxe5 14. hxg6 hxg6 15. Rh2 c6 16. Rdh1 Bxf3 17. Qxf3 Qf6 18. Rh3 Nd7 19. Rg3 Qxf3 20. gxf3 Nc5 21. Nd1 Nxb3+ 22. axb3 Rfd8 23. Ne3 Kf8 24. Rgg1 a5 25. Rd1 Ke7 26. c3 Rxd1+ 27. Rxd1 Bh6 28. Kc2 Bxe3 29. fxe3 Rh8 30. Rd2 Rh3 31. Rf2 g5 32. Kd3 Ke6 33. c4 f5 34. exf5+ Kxf5 35. c5 Rh8 36. Kc4 Rd8 37. b4 axb4 38. Kxb4 Rd3 39. Re2 e4 40. fxe4+ Kxe4 41. Rg2 Rd5 42. Rg3 Kd3 43. b3 Ke2 44. Rh3 Rd7 45. e4 g4 46. Rh2+ Kf3 47. e5 g3 48. Rh6 Rg7 49. e6 g2 50. Rf6+ Kg3 51. Rf7 Rg4+ 52. Ka3 g1Q 53. e7 Qa1# 0-1

[Event "Porto-ch U18"]
[Site "Porto"]
[Date "2002.01.13"]
[Round "3.1"]
[White "Quinta, Daniel"]
[Black "Viela, Marco Antonio Folha"]
[Result "1/2-1/2"]
[WhiteElo "2033"]
[BlackElo "1842"]
[PlyCount "69"]
[EventDate "2002.02.??"]
[EventType "swiss"]
[EventRounds "7"]
[EventCountry "POR"]
[SourceTitle "EXT 2003"]
[Source "ChessBase"]
[SourceDate "2002.11.25"]
[SourceVersion "1"]
[SourceVersionDate "2002.11.25"]
[SourceQuality "1"]

1. e4 Nf6 2. Nc3 d5 3. exd5 Nxd5 4. Bc4 c6 5. Nge2 Nc7 6. d4 Be6 7. Bxe6 Nxe6 8. 0-0 Nd7 9. d5 cxd5 10. Nxd5 Nf6 11. Nec3 Nxd5 12. Nxd5 Nc7 13. c4 Nxd5 14. cxd5 g6 15. Be3 Bg7 16. Bd4 0-0 17. Bxg7 Kxg7 18. Qd4+ Kg8 19. Rad1 Qd6 20. Rfe1 Rfd8 21. Rd2 e6 22. Red1 exd5 23. Qxd5 Qxd5 24. Rxd5 Rxd5 25. Rxd5 Rc8 26. g3 Rc2 27. Rb5 b6 28. Rb3 Kg7 29. Kg2 f5 30. Ra3 Rxb2 31. Rxa7+ Kh6 32. a4 b5 33. axb5 Rxb5 34. f4 Rb2+ 35. Kh3 1/2-1/2

[Event "Lisbon SNJ 01 FIDE"]
[Site "Lisbon"]
[Date "2001.10.07"]
[Round "5.1"]
[White "Costa, Joao Guerra"]
[Black "Quinta, Daniel"]
[Result "1-0"]
[WhiteElo "2021"]
[BlackElo "2035"]
[PlyCount "91"]
[EventDate "2001.10.05"]
[EventType "tourn"]
[EventRounds "6"]
[EventCountry "POR"]
[SourceTitle "EXT 2002"]
[Source "ChessBase"]
[SourceDate "2001.11.25"]
[SourceVersion "1"]
[SourceVersionDate "2001.11.25"]
[SourceQuality "1"]

1. e4 d5 2. exd5 Nf6 3. Bb5+ Bd7 4. Bc4 Bg4 5. f3 Bc8 6. Nc3 Nbd7 7. Bb5 a6 8. Ba4 b5 9. Bb3 Nc5 10. Nge2 Bb7 11. Nf4 Nxb3 12. axb3 b4 13. Ne4 Nxd5 14. d4 Nxf4 15. Bxf4 e6 16. 0-0 Be7 17. c4 bxc3 18. bxc3 0-0 19. Ra4 Qd7 20. Ra5 Bxe4 21. fxe4 Qc6 22. Qd3 Qb6 23. b4 Rfd8 24. Qf3 f6 25. Kh1 Bd6 26. e5 Be7 27. exf6 Bxf6 28. Qg3 Rd7 29. Re1 Kf7 30. Qf3 c6 31. Qh5+ Kg8 32. Rxe6 Re7 33. Rxe7 Bxe7 34. Qg4 c5 35. Qd7 Ra7 36. Qd5+ Kh8 37. dxc5 Qf6 38. Qd4 Qg6 39. h3 Bf6 40. Qd6 Re7 41. Rxa6 h6 42. Kh2 Qf5 43. Bg3 h5 44. Qf4 Qd3 45. Rxf6 gxf6 46. Qxf6+ 1-0

[Event "POR-ch57"]
[Site "Lisbon"]
[Date "2001.09.08"]
[Round "8.9"]
[White "Quinta, Daniel"]
[Black "Costa, Joao Guerra"]
[Result "0-1"]
[WhiteElo "2034"]
[BlackElo "2021"]
[PlyCount "62"]
[EventDate "2001.09.05"]
[EventType "swiss"]
[EventRounds "9"]
[EventCountry "POR"]
[SourceTitle "EXT 2002"]
[Source "ChessBase"]
[SourceDate "2001.11.25"]
[SourceVersion "1"]
[SourceVersionDate "2001.11.25"]
[SourceQuality "1"]

1. e4 c5 2. Nf3 d6 3. d4 cxd4 4. Nxd4 Nf6 5. Nc3 a6 6. Bg5 e6 7. f4 Qb6 8. Qd2 Qxb2 9. Rb1 Qa3 10. f5 Nc6 11. fxe6 fxe6 12. Nxc6 bxc6 13. e5 dxe5 14. Bxf6 gxf6 15. Be2 Bg7 16. Bh5+ Ke7 17. Rd1 Qc5 18. Na4 Qd4 19. Qa5 Qe3+ 20. Be2 Ra7 21. Nc5 Kf7 22. Qb6 Re7 23. Qxc6 f5 24. g3 e4 25. Qd6 h5 26. Kf1 h4 27. Re1 Qg5 28. g4 fxg4 29. Nxe4 Qf5+ 30. Nf2 g3 31. Bh5+ Rxh5 0-1

[Event "POR-ch57"]
[Site "Lisbon"]
[Date "2001.09.04"]
[Round "4.9"]
[White "Quinta, Daniel"]
[Black "Leite Oralova, Catarina"]
[Result "0-1"]
[WhiteElo "2034"]
[BlackElo "2148"]
[PlyCount "74"]
[EventDate "2001.09.05"]
[EventType "swiss"]
[EventRounds "9"]
[EventCountry "POR"]
[SourceTitle "EXT 2002"]
[Source "ChessBase"]
[SourceDate "2001.11.25"]
[SourceVersion "1"]
[SourceVersionDate "2001.11.25"]
[SourceQuality "1"]

1. e4 e5 2. Nf3 Nc6 3. Bc4 Be7 4. c3 Nf6 5. d3 d6 6. 0-0 0-0 7. Re1 Na5 8. Bb5 a6 9. Ba4 b5 10. Bc2 c5 11. Nbd2 Qc7 12. Nf1 Nc6 13. Qe2 Re8 14. Bg5 h6 15. Bh4 Nh5 16. Bxe7 Qxe7 17. Ne3 Nf4 18. Qd2 Qf6 19. Bd1 Ne7 20. g3 Nh3+ 21. Kg2 Ng5 22. Nxg5 Qxg5 23. h4 Qg6 24. Qe2 Bb7 25. Bb3 Rac8 26. Kh2 Kh8 27. Qg4 Qxg4 28. Nxg4 f5 29. exf5 Nxf5 30. Bf7 Rf8 31. Be6 Rce8 32. Bxf5 Rxf5 33. f4 Ref8 34. Ne3 R5f6 35. f5 g6 36. g4 gxf5 37. Nxf5 h5 0-1

[Event "Porto op 12th"]
[Site "Porto"]
[Date "2000.07.26"]
[Round "5"]
[White "Cleto, Fernando de Almeida"]
[Black "Quinta, Daniel"]
[Result "1-0"]
[WhiteElo "2399"]
[BlackElo "2048"]
[PlyCount "93"]
[EventDate "2000.07.22"]
[EventType "swiss"]
[EventRounds "9"]
[EventCountry "POR"]
[SourceTitle "EXT 2001"]
[Source "ChessBase"]
[SourceDate "2000.11.22"]
[SourceVersion "1"]
[SourceVersionDate "2000.11.22"]
[SourceQuality "1"]

1. e4 d5 2. exd5 Qxd5 3. Nc3 Qa5 4. d4 Nf6 5. Nf3 Bg4 6. h3 Bh5 7. Bc4 c6 8. g4 Bg6 9. Bd2 Qd8 10. Qe2 Nbd7 11. 0-0-0 b5 12. Bb3 b4 13. Na4 Qa5 14. Ne5 Nxe5 15. dxe5 Nd5 16. e6 Rc8 17. f4 fxe6 18. Qxe6 Rc7 19. Qe5 Bf7 20. f5 c5 21. Bxd5 Bxd5 22. Qxd5 Qxa4 23. Bxb4 cxb4 24. Qd8+ Kf7 25. Qxc7 Qxa2 26. Qe5 g6 27. Qd5+ Qxd5 28. Rxd5 Bh6+ 29. Kd1 Rb8 30. b3 Rb7 31. Rf1 Bg5 32. Rf3 Rb6 33. Ra5 a6 34. Rd5 h6 35. Rfd3 Bf6 36. Re3 gxf5 37. Rxf5 Kg6 38. Re4 Rd6+ 39. Ke2 Bc3 40. Rxe7 Rd2+ 41. Ke3 Rxc2 42. h4 h5 43. Re6+ Kg7 44. gxh5 Rb2 45. Rg6+ Kh8 46. Rf8+ Kh7 47. Rf7+ 1-0